| 000 | 00805 aa a2200217 4500 | ||
|---|---|---|---|
| 005 | 20120620142743.0 | ||
| 010 | _a | ||
| 020 |
_c80.00 _a |
||
| 035 | _aB-48833 | ||
| 037 | _bpub | ||
| 082 | _a613.7046 | ||
| 100 |
_aसत्यपाल _949350 |
||
| 245 |
_aवैज्ञानिक योगासन और स्वास्थ्य / _cसत्यपाल |
||
| 246 |
_a _b |
||
| 260 |
_aदिल्ली _bकिताबघर _c2001 |
||
| 270 |
_a _b _e |
||
| 300 |
_a144पृ _c22 सेमी (सजिल्द) |
||
| 490 |
_a _949351 |
||
| 942 |
_adpl _cHN _k _2ddc _h613.7046 _mसत्यपा |
||
| 999 |
_c68083 _d68083 |
||